000 00610nam a22002177a 4500
999 _c172159
_d172159
003 dpl
005 20200128150534.0
008 200128b ||||| |||| 00| 0 eng d
010 _aB-61056
020 _a8175956844
_c100.00
035 _aB-61056
040 _c0
050 _aN
_bDHA
082 _aN
_bDHA
100 _aDhall, Ramesh Chandra
245 _aThe Story Of Hira The Hare
_cRamesh Chandra Dhall
_hEN
260 _aCalcutta
_bA Writers Workshop Publication
_c2000
270 _a162/92 Lake Garden
_bCalcutta
_dIndia
_e700045
300 _a43p.
_c19cms.
942 _2ddc
_cEN
_hN
_iDHA
_kN
_mDHA